00743nam a2200229 a 4500008004100000020002700041100002100068245014500089260003300234300001800267300004300285500002000328504004100348650001500389650001200404700002500416700002000441700002500461003000100486005001700487040000900504  a0697086917 (paperback)1 aHarold J. Benson10aComplete version Anatomy and Physiology :blaboratory textbook /c Harold J. Benson, Stanley Gunstream, Arthur Talaro and Kathleen P. Talaro aDubuque :bWm.C.Brown,c1992 aFifth Edition ax, 624 pages :billustrations ;c28cm. aIncludes index. aIncludes bibliographical references. aPhysiology 1aAnatomy a Gunstream, Stanley. aTalaro, Arthur. a Talaro, Kathleen P.20230123125459.0 cNUST